| 000 | 01088cam a2200253 4500 | ||
|---|---|---|---|
| 001 | ABS68186 | ||
| 008 | 041001n2004 000 0 eng u | ||
| 035 | _a(Sirsi) u127600 | ||
| 100 | _aBingham, T. | ||
| 245 | _aMrs Bingham's lament | ||
| 260 | _c2004 | ||
| 490 |
_aBuilding _v269(8347) 3 September 2004, 52-53(2) |
||
| 520 | _aLocal authorities have produced a set of partnering contract documents called Perform21, which stands for Performance in the 21st Century. The package consists of the Public Sector Partnering Contract (PSPC) and a best practice toolkit. The contract aims to simplify existing practices by setting out only the basic rights and obligations of the parties, something the author argues may reduce the number of disputes. | ||
| 590 | _aABS | ||
| 590 | _aABS | ||
| 650 | _aPEFORMANCE IN THE 21ST CENTURY | ||
| 650 | _aLOCAL AUTHORITIES | ||
| 650 | _aBUILDING CONTRACTS | ||
| 650 | _aOBLIGATIONS | ||
| 650 | _aPARTNERING AGREEMENTS | ||
| 650 | _aPUBLIC SECTOR PARTNERING CONTRACT | ||
| 690 | _aBUILDING AND CONSTRUCTION-CONTRACTS | ||
| 942 | _n0 | ||
| 999 |
_c118105 _d118105 |
||